Construction project planning and scheduling / (Record no. 531979)

000 -LEADER
fixed length control field 01011cam a22002894a 4500
001 - CONTROL NUMBER
control field 13301042
003 - CONTROL NUMBER IDENTIFIER
control field NUST
005 - DATE AND TIME OF LATEST TRANSACTION
control field 20191105150439.0
008 - FIXED-LENGTH DATA ELEMENTS--GENERAL INFORMATION
fixed length control field 030805s2004 njua b 001 0 eng
010 ## - LIBRARY OF CONGRESS CONTROL NUMBER
LC control number 2003058594
020 ## - INTERNATIONAL STANDARD BOOK NUMBER
International Standard Book Number 0130924806
038 ## - RECORD CONTENT LICENSOR
Staff Name MSOHAIL
040 ## - CATALOGING SOURCE
Original cataloging agency DLC
Transcribing agency DLC
Modifying agency DLC
042 ## - AUTHENTICATION CODE
Authentication code pcc
050 00 - LIBRARY OF CONGRESS CALL NUMBER
Classification number TH438.4
Item number .P38 2004
082 00 - DEWEY DECIMAL CLASSIFICATION NUMBER
Classification number 690.0685
Edition number 22
100 1# - MAIN ENTRY--PERSONAL NAME
Personal name Patrick, Charles,
Dates associated with a name 1956-
9 (RLIN) 25206
245 10 - TITLE STATEMENT
Title Construction project planning and scheduling /
Statement of responsibility, etc. Charles Patrick.
260 ## - PUBLICATION, DISTRIBUTION, ETC.
Place of publication, distribution, etc. Upper Saddle River, NJ :
Name of publisher, distributor, etc. Pearson/Prentice Hall,
Date of publication, distribution, etc. c2004.
300 ## - PHYSICAL DESCRIPTION
Extent xv, 204 p. :
Other physical details ill. ;
Dimensions 24 cm.
500 ## - GENERAL NOTE
General note Includes bibliographical references (p. 199-200) and index.
650 #0 - SUBJECT ADDED ENTRY--TOPICAL TERM
Topical term or geographic name entry element Building
General subdivision Planning.
9 (RLIN) 25207
650 #0 - SUBJECT ADDED ENTRY--TOPICAL TERM
Topical term or geographic name entry element Production scheduling.
9 (RLIN) 19469
906 ## - LOCAL DATA ELEMENT F, LDF (RLIN)
a 7
b cbc
c orignew
d 1
e ocip
f 20
g y-gencatlg
942 ## - ADDED ENTRY ELEMENTS (KOHA)
Source of classification or shelving scheme
Koha item type Book
Holdings
Withdrawn status Lost status Source of classification or shelving scheme Damaged status Not for loan Permanent Location Current Location Date acquired Total Checkouts Full call number Barcode Date last seen Date last checked out Price effective from Koha item type
          School of Civil and Environmental Engineering (SCEE) School of Civil and Environmental Engineering (SCEE) 11/05/2019 1 690.0685 NIT-11896 12/08/2023 11/14/2023 11/05/2019 Book
© 2023 Central Library, National University of Sciences and Technology. All Rights Reserved.